000 00460nam a2200169 u 4500
001 000026439
005 20200930030225.0
008 110317s19uu dr r 000 0 spa d
040 _aDO-SdBNP
_bspa
_cBNPHU
082 _axxxxx
100 1 _aVillegas Q., Efraín
_953490
245 1 0 _aAntropología esotérica /
_cEfraín Villegas Q.
250 _a2a ed.
260 _aSanto Domingo :
_bImpresora Lysol.
300 _a181 p. :
_bil. ;
_c20 cm.
049 _aBNPD
999 _c25931
_d25931